「上」「下」を含む市町村 - Statistics

General Stats
  • This quiz has been taken 23 times
    13 since last reset
  • The average score is 33 of 53
Answer Stats
都道府県名 郡名 市町村名 % Correct
北海道 上川郡(石狩国) 上川町
91%
山形県 最上郡 最上町
91%
栃木県 下野市
91%
群馬県 多野郡 上野村
91%
埼玉県 上尾市
91%
岐阜県 郡上市
91%
岐阜県 下呂市
91%
静岡県 下田市
91%
山口県 下関市
91%
長野県 上田市
82%
山口県 下松市
82%
熊本県 上天草市
82%
北海道 空知郡 上富良野町
73%
岩手県 北上市
73%
山形県 上山市
73%
福島県 河沼郡 会津坂下町
73%
群馬県 甘楽郡 下仁田町
73%
新潟県 上越市
73%
山梨県 上野原市
73%
長野県 諏訪郡 下諏訪町
73%
奈良県 吉野郡 下北山村
73%
奈良県 吉野郡 上北山村
73%
福岡県 築上郡 築上町
73%
北海道 空知郡 上砂川町
64%
秋田県 潟上市
64%
秋田県 北秋田郡 上小阿仁村
64%
茨城県 下妻市
64%
富山県 中新川郡 上市町
64%
長野県 木曽郡 上松町
64%
和歌山県 西牟婁郡 上富田町
64%
広島県 豊田郡 大崎上島町
64%
長崎県 南松浦郡 新上五島町
64%
北海道 上川郡(天塩国) 下川町
55%
栃木県 河内郡 上三川町
55%
新潟県 南蒲原郡 田上町
55%
兵庫県 赤穂郡 上郡町
55%
奈良県 吉野郡 下市町
55%
山口県 熊毛郡 上関町
55%
徳島県 勝浦郡 上勝町
55%
北海道 檜山郡 上ノ国町
45%
埼玉県 児玉郡 上里町
45%
長野県 南佐久郡 川上村
45%
徳島県 板野郡 上板町
45%
愛媛県 越智郡 上島町
45%
北海道 河東郡 上士幌町
36%
青森県 三戸郡 階上町
36%
福島県 南会津郡 下郷町
36%
長野県 下伊那郡 下條村
36%
北海道 紋別郡 滝上町
27%
奈良県 北葛城郡 上牧町
27%
福岡県 築上郡 上毛町
27%
熊本県 球磨郡 水上村
18%
佐賀県 三養基郡 上峰町
9%
No matching quizzes found
Score Distribution
Percent of People with Each Score
Percentile by Number Answered
Your Score History
You have not taken this quiz since the last reset